000 01257cam a2200361 a 4500
001 3548
003 BD-RjUL
005 20211208233741.0
008 131219s1957 nyu b 001 0 eng c
035 _a(BD-RjUL)3582
035 _a(OCoLC)1822687
040 _aRochester. Univ.
_cDLC
_dDLC
_beng
041 _aeng
051 _aHX39
_b.J18 Copy 2
_cDust jacket.
051 _aHX39
_b.J18 Copy 3
_cGift of Paul Avrich, Aug. 26, 1986. Dust jacket.
082 _216
_a335.8
_bJAM 1957
100 1 _aJackson, J. Hampden
_q(John Hampden),
_d1907-
_911200
245 1 0 _aMarx, Proudhon, and European socialism /
_cJ. Hampden Jackson.
260 _aLondon :
_bEnglish Universities Press, Ltd.,
_c1957.
300 _a192 p. ;
_c18 cm.
500 _aIncludes index.
504 _aBibliography: p. 183-184.
526 _bPolitical Science
600 1 0 _aMarx, Karl,
_d1818-1883.
_96434
600 1 0 _aProudhon, P.-J.
_q(Pierre-Joseph),
_d1809-1865.
_911207
650 0 _aSocialism
_zEurope.
_911203
710 2 _aAnarchism Collection (Library of Congress)
_5DLC
_911204
710 2 _aPaul Avrich Collection (Library of Congress)
_5DLC
_911205
942 _2ddc
_cBK
999 _c3548
_d3548